000 00478nam a2200181Ia 4500
001 13134
005 20260306163031.0
008 260306t2014||||xx |||||||||||||| ||spa||
041 _aESP
082 _aRX 378
_b2011-2012 A171
100 _aAsamblea Nacional de Rectores
_eAUT
245 0 _aResumen estadístico universitario 2011-2012
260 _c2014
300 _a148 páginas : 148 páginas :
_c28 cm.
650 _aGEN
654 _aCED
942 _cLIB
_dJUS
_fJUS
_2ddc
_n
999 _c13134
_d13134